000 00292nam a22001337a 4500
008 180919b xxu||||| |||| 00| 0 eng d
020 _a9780582298385
041 _aeng
080 _a540
100 _a12
101 _aKIM
245 _aA Question of Chemistry
_cGarratt,J
942 _2udc
_cBK
999 _c48090
_d48090